ბათუმის შოთა რუსთაველის სახელმწიფო უნივერსიტეტის ბიბლიოთეკა

პედიატრია : (ბიბ.ჩანაწერი № 62903)

000 -ლიდერი
ფიქსირებული სიგრძის საკონტროლო ველი 00947nam a22002057a 4500
003 - საკონტროლო ნომრის იდენტიფიკატორი
საკონტროლო ველი Ge_BSU
005 - ბოლო ოპერაციის თარიღი და დრო
საკონტროლო ველი 20250318152308.0
008 - ფიქსირებული სიგრძის მონაცემთა ელემენტები - ზოგადი ინფორმაცია
ფიქსირებული სიგრძის საკონტროლო ველი 250318s1995 ge ||||| |||| 00| 0 geo d
041 ## - ენის კოდი
Language code of text/sound track or separate title geo
080 ## - უნივერსალური ათობითი კლასიფიკაციის ინდექსი
Universal Decimal Classification number 616-053.2(075.8) პ-25
245 ## - ცნობა სათაურის შესახებ
Title პედიატრია :
Remainder of title [სახელმძღ. სამედ. უნ-ტისა და ინ-ტების სტუდ. /
Statement of responsibility, etc ავტ. ჯგუფი: ქ. ბერიძე, თ. გერაძე და სხვ.]; ლ. ქერქაძის რედ.
264 ## - წარმოების, გამოცემის, დისტრიბუციის და სხვა ცნობები
გამოცემის, წარმოების, დისტრიბუციის... ადგილი თბ. :
გამოცემის, წარმოების, დისტრიბუციის... სახელწოდება მედეა,
გამოცემის, წარმოების, დისტრიბუციის... თარიღი 1995.
300 ## - ფიზიკური აღწერა
Extent 336 გვ. ;
Other physical details 20 სმ.
653 ## - INDEX TERM--UNCONTROLLED
Uncontrolled term პედიატრია
653 ## - INDEX TERM--UNCONTROLLED
Uncontrolled term მრდიცინა
700 ## - ADDED ENTRY--PERSONAL NAME
Personal name ბერიძე, ქ.
Relator term ავტორი
9 (RLIN) 24600
700 ## - ADDED ENTRY--PERSONAL NAME
Personal name გერაძე, თ.
Relator term ავტორი
9 (RLIN) 24601
700 ## - ADDED ENTRY--PERSONAL NAME
Personal name ქერქაძე, ლ.
Relator term რედაქტორი
9 (RLIN) 24602
942 ## - ADDED ENTRY ELEMENTS (KOHA)
Source of classification or shelving scheme
Koha item type წიგნი
ეგზემპლარები
ჩამოწერის სტატუსი დაკარგული ეგზემპლარის სტატუსი კლასიფიკაციის წყარო ან თაროზე გაწყობის სქემა დაზიანების სტატუსი არ გაიცემა მუდმივი მდებარეობა (დაცვის ადგილი) ამჟამინდელი ადგილსამყოფელი თაროზე განთავსების ადგილი შეძენის თარიღი ღირებულება, შესყიდვის ნორმალური ფასი სრული შენახვის შიფრი შტრიხკოდი ბოლო ოპერაციის თარიღი ეგზემპლარის მიმდევრობითი ნომერი (კეტერი?) ფასის ძალაში შესვლის თარიღი ეგზემპლარის სახეობა საჯარო შენიშვნა
          ბათუმის შოთა რუსთაველის სახელმწიფო უნივერსიტეტის მთავარი ბიბლიოთეკა ბათუმის შოთა რუსთაველის სახელმწიფო უნივერსიტეტის მთავარი ბიბლიოთეკა წიგნსაცავი 2025-03-18 9.00 616-053.2(075.8) პ-25 70881 2025-03-18 70881 2025-03-18 წიგნი 9 ლ.